Statistics for Hawaiian Islands

Click here to take the quiz!

General Stats

  • This quiz has been taken 205 times
  • The average score is 6 of 8

Answer Stats

NicknameIsland% Correct
The Big IslandHawaiʻi
96%
The Gathering PlaceOʻahu
95%
The Valley IsleMaui
92%
The Garden IsleKauaʻi
78%
The Friendly IsleMolokaʻi
78%
The Pineapple IsleLānaʻi
73%
The Forbidden IsleNiʻihau
61%
The Target IsleKahoʻolawe
53%

Score Distribution

Percentile by Number Answered

Percent of People with Each Score

Your Score History

You have not taken this quiz